000 00542nam a2200193 a 4500
005 20240601063704.0
008 991125s1978 mx 000 0 spa u
020 _a968432149X
035 _aUPN01000049822
049 _aCG
050 4 _aLB1051
_bR6.6 1978
100 1 _aRodríguez Rivera, Víctor Matías
_933759
245 1 0 _aPsicotécnica pedagógica /
_cVíctor Matías Rodríguez Rivera.
250 _a7a ed.
260 _aMéxico :
_bPorrúa,
_c1978.
300 _a295 p. :
_bil.
650 4 _aPsicopedagogía
_95085
905 _aLibro
999 _c49822
_d49822